000 08150nam a22005777a 4500
005 20120521145227.0
010 _aB-487396-426
020 _a9788174085276
_c450.00
035 _aB-487396-426
037 _bके.के.पब्लिकेशंस
082 _a613.7046
100 _aपटले, बी.आर.
_954762
245 _aयोगाभ्यास/
_cबी.आर.पटले
260 _aनई दिल्ली
_bअयन प्रकाशन
_c2012
270 _a1/20, महरौली
_e110030
_k26645812
300 _a293 पृ.
_c22 सें.मी. (सजिल्द)
942 _2ddc
_cHN
_mपटले
_h613.7046
999 _c66964
_d66964